[Event "Titled Tuesday intern op 21st Dec"]
[Site "Chess.com INT"]
[Date "2021.12.21"]
[Round "2"]
[White "Aung, Thant Zin"]
[Black "Baskin, Robert"]
[Result "0-1"]
[WhiteElo "2268"]
[BlackElo "2383"]
[PlyCount "134"]
[EventDate "2021.12.21"]
[EventType "swiss (blitz)"]
[EventRounds "11"]
[EventCountry "USA"]
[SourceTitle "CBM 205 Extra"]
[Source "ChessBase"]
[SourceDate "2022.01.31"]
[SourceVersion "1"]
[SourceVersionDate "2022.01.31"]
[SourceQuality "1"]

1. e4 c5 2. Nf3 d6 3. Bb5+ Nd7 4. O-O a6 5. Bxd7+ Bxd7 6. c3 Nf6 7. Re1 e6 8. d4 cxd4 9. cxd4 d5 10. e5 Ne4 11. Nbd2 Nxd2 12. Bxd2 Be7 13. Qb3 O-O 14. Bb4 Bc6 15. Rac1 Rc8 16. h3 h6 17. Qa3 Bxb4 18. Qxb4 Qd7 19. Rc3 Bb5 20. Rec1 Rc6 21. a4 Be2 22. Rxc6 bxc6 23. Nd2 Rc8 24. b3 Qa7 25. Rc5 Bh5 26. Qc3 Qb7 27. Nf1 Rb8 28. Nd2 Bd1 29. Rxc6 Bxb3 30. Rc7 Qb4 31. Rc8+ Kh7 32. Qxb4 Rxb4 33. Rc7 Bxa4 34. Rxf7 Rxd4 35. Nf3 Re4 36. Re7 d4 37. Rxe6 Bb5 38. Rd6 d3 39. e6 a5 40. Rd5 Bc4 41. Rxa5 Bxe6 42. Ra3 Re1+ 43. Kh2 Rd1 44. Ra6 Bf5 45. Rd6 g5 46. g4 Be4 47. Ne5 Rh1+ 48. Kg3 Rg1+ 49. Kh2 Rg2+ 50. Kh1 Rxf2+ 51. Kg1 Rg2+ 52. Kf1 d2 53. Rd7+ Kg8 54. Rd8+ Kg7 55. Rd7+ Kf6 56. Nc4 Rh2 57. Nxd2 Bc2 58. Kg1 Rxh3 59. Nc4 Rg3+ 60. Kf2 Rxg4 61. Ne3 Rf4+ 62. Ke2 Be4 63. Rd6+ Kg7 64. Rd7+ Kg6 65. Rd6+ Rf6 66. Rd4 Bf3+ 67. Kf2 h5 0-1

[Event "Titled Tuesday intern op 21st Dec"]
[Site "Chess.com INT"]
[Date "2021.12.21"]
[Round "2"]
[White "Babazada, Khazar Araz"]
[Black "Abdulla, Murad"]
[Result "1-0"]
[WhiteElo "2429"]
[BlackElo "2287"]
[PlyCount "97"]
[EventDate "2021.12.21"]
[EventType "swiss (blitz)"]
[EventRounds "11"]
[EventCountry "USA"]
[SourceTitle "CBM 205 Extra"]
[Source "ChessBase"]
[SourceDate "2022.01.31"]
[SourceVersion "1"]
[SourceVersionDate "2022.01.31"]
[SourceQuality "1"]

1. Nf3 c5 2. g3 Nc6 3. Bg2 g6 4. O-O Bg7 5. c4 Nf6 6. Nc3 O-O 7. d4 b6 8. b3 Bb7 9. Bb2 Nxd4 10. Nxd4 Bxg2 11. Kxg2 cxd4 12. Qxd4 d6 13. Rac1 Qd7 14. Rfd1 Rfd8 15. f3 h5 16. e4 h4 17. Nd5 Nh5 18. Qf2 e6 19. Bxg7 exd5 20. Ba1 dxe4 21. Qd4 f6 22. Qxe4 Qe8 23. Qd5+ Qf7 24. Qd4 Re8 25. Re1 hxg3 26. hxg3 Rxe1 27. Rxe1 Re8 28. Re4 Rxe4 29. Qxe4 Ng7 30. Kf2 Ne6 31. Qd5 Qe7 32. Bc3 Kg7 33. Bd2 Nc5 34. Bf4 Nb7 35. g4 g5 36. Be3 Nc5 37. b4 Nd7 38. Qb7 Kg6 39. Qxa7 Qh7 40. Kg2 Qe7 41. Bf2 Qe6 42. a4 Ne5 43. a5 Nxg4 44. Qxb6 Ne5 45. Qd4 Nxc4 46. a6 d5 47. a7 Qa6 48. Qxd5 Ne5 49. a8=Q 1-0

[Event "Titled Tuesday intern op 21st Dec"]
[Site "Chess.com INT"]
[Date "2021.12.21"]
[Round "2"]
[White "Baldauf, Marco"]
[Black "Sorokin, Aleksey"]
[Result "0-1"]
[WhiteElo "2522"]
[BlackElo "2536"]
[PlyCount "40"]
[EventDate "2021.12.21"]
[EventType "swiss (blitz)"]
[EventRounds "11"]
[EventCountry "USA"]
[SourceTitle "CBM 205 Extra"]
[Source "ChessBase"]
[SourceDate "2022.01.31"]
[SourceVersion "1"]
[SourceVersionDate "2022.01.31"]
[SourceQuality "1"]

1. d4 Nf6 2. c4 g6 3. Nc3 d5 4. Bf4 Bg7 5. e3 O-O 6. Rc1 c5 7. dxc5 Be6 8. Nf3 Nc6 9. Ng5 Bg4 10. f3 e5 11. cxd5 exf4 12. dxc6 Qe7 13. fxg4 Qxe3+ 14. Be2 Rad8 15. Qc2 Nxg4 16. Rf1 bxc6 17. Nf3 Qe7 18. Rd1 Ne3 19. Qc1 Bxc3+ 20. bxc3 Nxd1 0-1

[Event "Titled Tuesday intern op 21st Dec"]
[Site "Chess.com INT"]
[Date "2021.12.21"]
[Round "2"]
[White "Balkum, Alexander"]
[Black "Shtyka, Sergey"]
[Result "0-1"]
[WhiteElo "2107"]
[BlackElo "2154"]
[PlyCount "98"]
[EventDate "2021.12.21"]
[EventType "swiss (blitz)"]
[EventRounds "11"]
[EventCountry "USA"]
[SourceTitle "CBM 205 Extra"]
[Source "ChessBase"]
[SourceDate "2022.01.31"]
[SourceVersion "1"]
[SourceVersionDate "2022.01.31"]
[SourceQuality "1"]

1. e4 c5 2. Nf3 d6 3. d4 cxd4 4. Nxd4 Nf6 5. Nc3 g6 6. Be3 Bg7 7. Be2 O-O 8. Qd2 Nc6 9. O-O-O d5 10. exd5 Nxd5 11. Nxc6 bxc6 12. Bd4 e5 13. Bc5 Be6 14. Bf3 Re8 15. Nxd5 cxd5 16. Bxd5 Bxd5 17. Qxd5 Qc7 18. Bd6 Qb6 19. Qc5 Qb7 20. f3 e4 21. Qb4 Qc6 22. fxe4 Rxe4 23. Qc5 Qb7 24. Qa3 Re2 25. Rhe1 Qxg2 26. Rxe2 Qxe2 27. Qd3 Qe6 28. Qb3 Qf5 29. Ba3 h5 30. Qd5 Qf4+ 31. Kb1 Rc8 32. Qd7 Rb8 33. Qd6 Qxd6 34. Rxd6 Be5 35. Rd2 g5 36. c4 g4 37. c5 Kg7 38. c6 h4 39. Bd6 Bxd6 40. Rxd6 f5 41. c7 Rc8 42. Rd7+ Kf6 43. Kc2 f4 44. Kd3 g3 45. hxg3 fxg3 46. Ke4 g2 47. Rd1 Rxc7 48. Kf3 Rc2 49. Rg1 h3 0-1

[Event "Titled Tuesday intern op 21st Dec"]
[Site "Chess.com INT"]
[Date "2021.12.21"]
[Round "2"]
[White "Barrionuevo, Pablo"]
[Black "Altucher, James"]
[Result "1-0"]
[WhiteElo "2259"]
[BlackElo "1839"]
[PlyCount "89"]
[EventDate "2021.12.21"]
[EventType "swiss (blitz)"]
[EventRounds "11"]
[EventCountry "USA"]
[SourceTitle "CBM 205 Extra"]
[Source "ChessBase"]
[SourceDate "2022.01.31"]
[SourceVersion "1"]
[SourceVersionDate "2022.01.31"]
[SourceQuality "1"]

1. c4 g6 2. g3 Bg7 3. Bg2 d6 4. Nc3 Nf6 5. e3 O-O 6. Nge2 e5 7. O-O Nc6 8. d3 h6 9. Rb1 Nh7 10. b4 f5 11. b5 Ne7 12. f4 Rb8 13. a4 b6 14. Qd2 Bb7 15. Bxb7 Rxb7 16. d4 Rb8 17. Ba3 Re8 18. Rbd1 e4 19. Qa2 Nf6 20. c5+ d5 21. c6 Kh7 22. h3 Neg8 23. Qb3 Bf8 24. Bxf8 Rxf8 25. Na2 Qd6 26. Nb4 Rbd8 27. Nc3 Ne7 28. Rd2 g5 29. Rg2 g4 30. h4 h5 31. Ra2 Nc8 32. a5 Kg7 33. Na6 Kf7 34. Kf2 Ke6 35. Rfa1 Qe7 36. Na4 Qd6 37. axb6 axb6 38. Nc3 Ng8 39. Nb4 Nf6 40. Ra8 Qe7 41. Rxc8 Rxc8 42. Nbxd5 Nxd5 43. Nxd5 Qd6 44. Nxb6+ Kf6 45. Nd7+ 1-0

[Event "Titled Tuesday intern op 21st Dec"]
[Site "Chess.com INT"]
[Date "2021.12.21"]
[Round "2"]
[White "Blokhin, Sofia"]
[Black "Eynullayev, Atilla Elshan"]
[Result "1-0"]
[WhiteElo "2032"]
[BlackElo "2324"]
[PlyCount "77"]
[EventDate "2021.12.21"]
[EventType "swiss (blitz)"]
[EventRounds "11"]
[EventCountry "USA"]
[SourceTitle "CBM 205 Extra"]
[Source "ChessBase"]
[SourceDate "2022.01.31"]
[SourceVersion "1"]
[SourceVersionDate "2022.01.31"]
[SourceQuality "1"]

1. d4 Nf6 2. c4 e6 3. Nc3 Bb4 4. a3 Bxc3+ 5. bxc3 c5 6. Nf3 d6 7. Bf4 O-O 8. e3 Nc6 9. Bd3 Re8 10. Bg5 e5 11. d5 Nb8 12. Nd2 h6 13. Bxf6 Qxf6 14. Ne4 Qe7 15. O-O Nd7 16. Bc2 Nf8 17. Rb1 g6 18. f4 f5 19. Ng3 exf4 20. exf4 Qe3+ 21. Kh1 Qxc3 22. Ba4 Re7 23. Bb5 a6 24. Ba4 b5 25. cxb5 axb5 26. Bxb5 Rxa3 27. Bc6 Qf6 28. Rb8 Rc7 29. Qe1 Qf7 30. Ne2 Nd7 31. Nc3 Nxb8 32. Nb5 Rxc6 33. dxc6 Rb3 34. Nxd6 Qf8 35. Nxc8 Qxc8 36. Qd1 Rb6 37. Qd5+ Kg7 38. Re1 Qxc6 39. Re7+ 1-0

[Event "Titled Tuesday intern op 21st Dec"]
[Site "Chess.com INT"]
[Date "2021.12.21"]
[Round "2"]
[White "Botea, David Alexandru"]
[Black "Buchenau, Frank"]
[Result "1/2-1/2"]
[WhiteElo "1909"]
[BlackElo "2265"]
[PlyCount "83"]
[EventDate "2021.12.21"]
[EventType "swiss (blitz)"]
[EventRounds "11"]
[EventCountry "USA"]
[SourceTitle "CBM 205 Extra"]
[Source "ChessBase"]
[SourceDate "2022.01.31"]
[SourceVersion "1"]
[SourceVersionDate "2022.01.31"]
[SourceQuality "1"]

1. e4 e6 2. d4 d5 3. Nd2 Nf6 4. e5 Nfd7 5. Bd3 c5 6. c3 b6 7. Ne2 Ba6 8. Bxa6 Nxa6 9. O-O b5 10. f4 g6 11. Nf3 h5 12. Be3 c4 13. g3 Be7 14. h3 Qb6 15. a3 Nc7 16. Kg2 a5 17. g4 hxg4 18. hxg4 Qc6 19. Rh1 O-O-O 20. Ng3 Kb7 21. Kf2 b4 22. axb4 axb4 23. f5 gxf5 24. gxf5 f6 25. exf6 Bxf6 26. fxe6 Nxe6 27. cxb4 Rxh1 28. Qxh1 Rf8 29. Kg2 Qd6 30. Nf5 Rg8+ 31. Kf2 Qxb4 32. Qe1 Qxe1+ 33. Kxe1 Ng5 34. Nxg5 Bxg5 35. Ra5 Nb6 36. Bxg5 Rxg5 37. Ne3 Kc6 38. Rc5+ Kd6 39. Rb5 Kc6 40. Rc5+ Kd6 41. Rb5 Kc6 42. Rc5+ 1/2-1/2

[Event "Titled Tuesday intern op 21st Dec"]
[Site "Chess.com INT"]
[Date "2021.12.21"]
[Round "2"]
[White "Brahami, Lamine"]
[Black "Vypkhaniuk, Igor"]
[Result "0-1"]
[WhiteElo "2212"]
[BlackElo "2426"]
[PlyCount "144"]
[EventDate "2021.12.21"]
[EventType "swiss (blitz)"]
[EventRounds "11"]
[EventCountry "USA"]
[SourceTitle "CBM 205 Extra"]
[Source "ChessBase"]
[SourceDate "2022.01.31"]
[SourceVersion "1"]
[SourceVersionDate "2022.01.31"]
[SourceQuality "1"]

1. d4 Nf6 2. c4 e6 3. Nf3 Bb4+ 4. Bd2 Qe7 5. g3 Bxd2+ 6. Qxd2 Nc6 7. Bg2 Ne4 8. Qc2 Qb4+ 9. Nbd2 Nxd2 10. Qxd2 Qxc4 11. O-O Qb4 12. Qc2 Nxd4 13. Nxd4 Qxd4 14. Qxc7 Qxb2 15. e4 Qb6 16. Qe5 O-O 17. Rad1 a5 18. Kh1 a4 19. f4 Ra5 20. Qa1 d6 21. Rd2 Rd8 22. Rfd1 a3 23. Qc3 Rc5 24. Qxa3 Qc7 25. Rd4 b6 26. Qd3 h5 27. h3 Rc1 28. Kh2 Rxd1 29. Qxd1 Qc5 30. Rd2 Bb7 31. Rc2 Qe3 32. Rc7 Bxe4 33. Qxh5 g6 34. Qd1 Qf2 35. Qf1 Qxf1 36. Bxf1 d5 37. Bg2 Bxg2 38. Kxg2 Ra8 39. Rc2 Ra3 40. Kf2 Kg7 41. Rd2 Kf6 42. Rb2 Kf5 43. Rxb6 Rxa2+ 44. Kf3 Ra3+ 45. Kf2 Ke4 46. Rb4+ d4 47. Rb5 Ra2+ 48. Kf1 Kf3 49. Rb3+ Ke4 50. Rb5 f6 51. Rb6 Kf3 52. Rb3+ Ke4 53. Rb6 Kd5 54. Rb5+ Kc4 55. Rb6 Kd3 56. Rxe6 Rh2 57. h4 Kc2 58. Rxf6 d3 59. Rxg6 d2 60. Rd6 d1=Q+ 61. Rxd1 Kxd1 62. f5 Kd2 63. f6 Ke3 64. g4 Rf2+ 65. Kg1 Rxf6 66. g5 Rf4 67. Kg2 Rxh4 68. Kg3 Rh1 69. Kg4 Ke4 70. g6 Rg1+ 71. Kh5 Kf5 72. g7 Rh1# 0-1

[Event "Titled Tuesday intern op 21st Dec"]
[Site "Chess.com INT"]
[Date "2021.12.21"]
[Round "2"]
[White "Bryakin, Mikhail"]
[Black "Altman, Joshua"]
[Result "1-0"]
[WhiteElo "2502"]
[BlackElo "2095"]
[PlyCount "47"]
[EventDate "2021.12.21"]
[EventType "swiss (blitz)"]
[EventRounds "11"]
[EventCountry "USA"]
[SourceTitle "CBM 205 Extra"]
[Source "ChessBase"]
[SourceDate "2022.01.31"]
[SourceVersion "1"]
[SourceVersionDate "2022.01.31"]
[SourceQuality "1"]

1. e4 e6 2. d4 d5 3. Nc3 Nf6 4. Bg5 dxe4 5. Nxe4 Nbd7 6. Nf3 Be7 7. Ng3 b6 8. Bd3 Bb7 9. Qe2 O-O 10. O-O-O Nd5 11. Bd2 N5f6 12. h4 c5 13. h5 cxd4 14. Nxd4 Nc5 15. Bg5 Nxd3+ 16. Rxd3 Qd5 17. Ndf5 exf5 18. Rxd5 Nxd5 19. Bxe7 Rfe8 20. Nxf5 Nxe7 21. Nxe7+ Kf8 22. h6 gxh6 23. Qe5 Rxe7 24. Qh8# 1-0

[Event "Titled Tuesday intern op 21st Dec"]
[Site "Chess.com INT"]
[Date "2021.12.21"]
[Round "2"]
[White "Buscar, Michael"]
[Black "Maksimovic, Bojan"]
[Result "0-1"]
[WhiteElo "2088"]
[BlackElo "2451"]
[PlyCount "52"]
[EventDate "2021.12.21"]
[EventType "swiss (blitz)"]
[EventRounds "11"]
[EventCountry "USA"]
[SourceTitle "CBM 205 Extra"]
[Source "ChessBase"]
[SourceDate "2022.01.31"]
[SourceVersion "1"]
[SourceVersionDate "2022.01.31"]
[SourceQuality "1"]

1. d4 Nf6 2. Nf3 e6 3. g3 d5 4. Bg2 Be7 5. O-O O-O 6. c4 dxc4 7. Na3 a6 8. Nxc4 b5 9. Nfe5 Ra7 10. Na5 Qd6 11. Nec6 Nxc6 12. Nxc6 Rb7 13. Nxe7+ Qxe7 14. Bxb7 Bxb7 15. Bg5 h6 16. Bxf6 Qxf6 17. Rc1 Rd8 18. Rxc7 Rxd4 19. Qc2 Be4 20. Qc3 e5 21. f3 Bd5 22. b3 b4 23. Qc2 Be6 24. Rd1 Bf5 25. Qc1 Rxd1+ 26. Qxd1 Qb6+ 0-1

[Event "Titled Tuesday intern op 21st Dec"]
[Site "Chess.com INT"]
[Date "2021.12.21"]
[Round "2"]
[White "Chernov, Alexander A"]
[Black "Nechaeva, Marina"]
[Result "0-1"]
[WhiteElo "2314"]
[BlackElo "2384"]
[PlyCount "94"]
[EventDate "2021.12.21"]
[EventType "swiss (blitz)"]
[EventRounds "11"]
[EventCountry "USA"]
[SourceTitle "CBM 205 Extra"]
[Source "ChessBase"]
[SourceDate "2022.01.31"]
[SourceVersion "1"]
[SourceVersionDate "2022.01.31"]
[SourceQuality "1"]

1. e4 c5 2. Nf3 d6 3. Bb5+ Nd7 4. O-O a6 5. Bd3 Ngf6 6. c3 g6 7. Bc2 Bg7 8. d4 O-O 9. Re1 e5 10. h3 exd4 11. cxd4 Re8 12. a4 cxd4 13. Nxd4 Nc5 14. Nc3 Bd7 15. Bf4 Qb6 16. Rb1 Rad8 17. Be3 Qc7 18. Rc1 Qb8 19. Bg5 h6 20. Bh4 g5 21. Bg3 Be6 22. b4 Ncd7 23. Nf5 Ne5 24. Nxg7 Kxg7 25. Bb1 Rc8 26. h4 Nfd7 27. hxg5 hxg5 28. f4 gxf4 29. Bxf4 Rh8 30. Re3 Ng6 31. Rg3 Qa7+ 32. Be3 Qb8 33. Qd4+ Nde5 34. Rd1 Rc4 35. Qd2 Rxb4 36. Nd5 Rxa4 37. Bg5 Bxd5 38. Qxd5 Ra1 39. Rf1 Rh7 40. Bf6+ Kg8 41. Bc2 Rxf1+ 42. Kxf1 Qc7 43. Bd1 Qc4+ 44. Kg1 Qxd5 45. exd5 Kf8 46. Be2 Ke8 47. Rc3 Kd7 0-1

[Event "Titled Tuesday intern op 21st Dec"]
[Site "Chess.com INT"]
[Date "2021.12.21"]
[Round "2"]
[White "Clawitter, Craig"]
[Black "Kazancev, Valerij M"]
[Result "0-1"]
[WhiteElo "2050"]
[BlackElo "2313"]
[PlyCount "50"]
[EventDate "2021.12.21"]
[EventType "swiss (blitz)"]
[EventRounds "11"]
[EventCountry "USA"]
[SourceTitle "CBM 205 Extra"]
[Source "ChessBase"]
[SourceDate "2022.01.31"]
[SourceVersion "1"]
[SourceVersionDate "2022.01.31"]
[SourceQuality "1"]

1. e4 c5 2. Nf3 d6 3. d4 cxd4 4. Nxd4 Nf6 5. Nc3 a6 6. Be3 b5 7. f3 Bb7 8. a4 b4 9. Nce2 e5 10. Nb3 Nbd7 11. a5 d5 12. Ng3 dxe4 13. fxe4 Nxe4 14. Nxe4 Bxe4 15. Bc4 Qc7 16. Bd5 Bxd5 17. Qxd5 Rc8 18. O-O Nf6 19. Qd3 Qc4 20. Qf5 Qe6 21. Rae1 Bd6 22. Bc5 Rxc5 23. Nxc5 Bxc5+ 24. Kh1 Qxf5 25. Rxf5 Bd6 0-1

[Event "Titled Tuesday intern op 21st Dec"]
[Site "Chess.com INT"]
[Date "2021.12.21"]
[Round "2"]
[White "Corrales Jimenez, Fidel"]
[Black "Nastore, Pavel Alexandru"]
[Result "1-0"]
[WhiteElo "2530"]
[BlackElo "2329"]
[PlyCount "61"]
[EventDate "2021.12.21"]
[EventType "swiss (blitz)"]
[EventRounds "11"]
[EventCountry "USA"]
[SourceTitle "CBM 205 Extra"]
[Source "ChessBase"]
[SourceDate "2022.01.31"]
[SourceVersion "1"]
[SourceVersionDate "2022.01.31"]
[SourceQuality "1"]

1. e4 c5 2. d4 cxd4 3. c3 Nf6 4. e5 Nd5 5. Nf3 Nc6 6. Bc4 Nb6 7. Bb3 d6 8. exd6 Qxd6 9. O-O g6 10. Na3 a6 11. Ng5 e6 12. Ne4 Qd8 13. Qf3 f5 14. Ng5 Qf6 15. Nxe6 Bxe6 16. Re1 Ne5 17. Qxb7 Bxb3 18. axb3 Be7 19. Bg5 Qxg5 20. Rxe5 O-O 21. Rxe7 Qf6 22. Rae1 dxc3 23. R7e6 Qf7 24. Qxb6 cxb2 25. Nc4 Rfe8 26. Nxb2 Rab8 27. Rxe8+ Rxe8 28. Rxe8+ Qxe8 29. Qe3 Qc6 30. Nc4 Qd5 31. h4 1-0

[Event "Titled Tuesday intern op 21st Dec"]
[Site "Chess.com INT"]
[Date "2021.12.21"]
[Round "2"]
[White "De Souza, Cristiano Gomes"]
[Black "Redzisz, Michal"]
[Result "0-1"]
[WhiteElo "2018"]
[BlackElo "2261"]
[PlyCount "84"]
[EventDate "2021.12.21"]
[EventType "swiss (blitz)"]
[EventRounds "11"]
[EventCountry "USA"]
[SourceTitle "CBM 205 Extra"]
[Source "ChessBase"]
[SourceDate "2022.01.31"]
[SourceVersion "1"]
[SourceVersionDate "2022.01.31"]
[SourceQuality "1"]

1. d4 Nf6 2. c4 c5 3. d5 e6 4. Nc3 exd5 5. cxd5 d6 6. h3 Bf5 7. Nf3 Nbd7 8. Bg5 h6 9. Bh4 g5 10. Bg3 a6 11. a4 Qe7 12. e3 Bg7 13. Nd2 Ne5 14. Nc4 Nxc4 15. Bxc4 O-O 16. O-O Ne4 17. Nxe4 Bxe4 18. Qd2 Rab8 19. a5 Bxg2 20. Kxg2 Qe4+ 21. f3 Qxc4 22. e4 f5 23. Bxd6 fxe4 24. Bxb8 Rxb8 25. Rad1 Rf8 26. d6 Bd4 27. fxe4 Rxf1 28. Rxf1 Qe6 29. Qd3 Kg7 30. Qf3 Qxd6 31. Qf7+ Kh8 32. Qe8+ Kh7 33. Rf7+ Bg7 34. Rd7 Qf6 35. Rxb7 Qf4 36. Qe7 Qd2+ 37. Kf3 Qd1+ 38. Ke3 Qe1+ 39. Kd3 Qd1+ 40. Kc4 Qd4+ 41. Kb3 Qxb2+ 42. Ka4 Qa2# 0-1

[Event "Titled Tuesday intern op 21st Dec"]
[Site "Chess.com INT"]
[Date "2021.12.21"]
[Round "2"]
[White "Dolzhikova, Kateryna"]
[Black "Schut, Han"]
[Result "1-0"]
[WhiteElo "2161"]
[BlackElo "2101"]
[PlyCount "117"]
[EventDate "2021.12.21"]
[EventType "swiss (blitz)"]
[EventRounds "11"]
[EventCountry "USA"]
[SourceTitle "CBM 205 Extra"]
[Source "ChessBase"]
[SourceDate "2022.01.31"]
[SourceVersion "1"]
[SourceVersionDate "2022.01.31"]
[SourceQuality "1"]

1. e4 c5 2. Nf3 d6 3. d3 g6 4. g3 Bg7 5. Bg2 Nc6 6. O-O e6 7. c3 Nge7 8. Bf4 O-O 9. Re1 f5 10. e5 d5 11. h4 b5 12. Nbd2 Bd7 13. Nb3 c4 14. Nc5 cxd3 15. Ng5 Qc8 16. Nxd7 Qxd7 17. Qxd3 a6 18. Rad1 Rac8 19. b3 h6 20. Nf3 Qc7 21. Rc1 Rfd8 22. Qd2 Kh7 23. h5 g5 24. Bxg5 hxg5 25. Nxg5+ Kg8 26. Nxe6 Qd7 27. Nxg7 Kxg7 28. Qg5+ Kh7 29. e6 Qe8 30. Bh3 Qf8 31. Re3 d4 32. Rf3 Rd5 33. c4 bxc4 34. bxc4 Re5 35. Kg2 d3 36. Rd1 Nd4 37. Rfxd3 Nxe6 38. Qd2 Nc5 39. Re3 Ne4 40. Qd4 Qg7 41. f3 Nc6 42. Qd7 Rc7 43. Qxg7+ Kxg7 44. fxe4 fxe4 45. Rde1 Rce7 46. R3e2 Nd4 47. Re3 Nc2 48. R1e2 Nxe3+ 49. Rxe3 Kh6 50. g4 Kg5 51. Kg3 Rf7 52. Bg2 Rf4 53. Bh3 Rc5 54. Rc3 Rf3+ 55. Rxf3 exf3 56. Bf1 Rxc4 57. Bxc4 f2 58. Kxf2 Kxg4 59. h6 1-0

[Event "Titled Tuesday intern op 21st Dec"]
[Site "Chess.com INT"]
[Date "2021.12.21"]
[Round "2"]
[White "Dorohin, Mihail"]
[Black "Yi, Danny"]
[Result "0-1"]
[WhiteElo "2323"]
[BlackElo "2273"]
[PlyCount "74"]
[EventDate "2021.12.21"]
[EventType "swiss (blitz)"]
[EventRounds "11"]
[EventCountry "USA"]
[SourceTitle "CBM 205 Extra"]
[Source "ChessBase"]
[SourceDate "2022.01.31"]
[SourceVersion "1"]
[SourceVersionDate "2022.01.31"]
[SourceQuality "1"]

1. d4 d5 2. Nf3 c6 3. Bf4 Qb6 4. Qc1 Nf6 5. Ne5 Bf5 6. e3 Nbd7 7. Bd3 Bxd3 8. cxd3 e6 9. Nc3 Nxe5 10. Bxe5 h5 11. a3 Be7 12. b4 Nd7 13. h3 Nxe5 14. dxe5 d4 15. Ne4 O-O-O 16. Ke2 dxe3 17. fxe3 Qb5 18. Qc4 Qxe5 19. Rab1 f5 20. Nd2 Qd5 21. Qxd5 Rxd5 22. d4 f4 23. Nf3 fxe3 24. Kxe3 Bg5+ 25. Ke4 Rf8 26. g3 Be7 27. Rbc1 Bd6 28. Rhg1 a6 29. Rc3 a5 30. bxa5 Rxa5 31. Ra1 Bxg3 32. Nd2 Rf4+ 33. Ke3 Rff5 34. Rg1 h4 35. Nc4 Bf2+ 36. Ke4 Bxg1 37. Nxa5 Rxa5 0-1

[Event "Titled Tuesday intern op 21st Dec"]
[Site "Chess.com INT"]
[Date "2021.12.21"]
[Round "2"]
[White "Dylag, Emilia"]
[Black "Ovetchkin, Roman"]
[Result "1-0"]
[WhiteElo "1956"]
[BlackElo "2518"]
[PlyCount "91"]
[EventDate "2021.12.21"]
[EventType "swiss (blitz)"]
[EventRounds "11"]
[EventCountry "USA"]
[SourceTitle "CBM 205 Extra"]
[Source "ChessBase"]
[SourceDate "2022.01.31"]
[SourceVersion "1"]
[SourceVersionDate "2022.01.31"]
[SourceQuality "1"]

1. d4 Nf6 2. c4 g6 3. Nc3 Bg7 4. e4 O-O 5. Be2 d6 6. Nf3 e5 7. O-O Nc6 8. d5 Ne7 9. Ne1 Nd7 10. Nd3 f5 11. Bd2 Nf6 12. f3 f4 13. Rc1 Rf7 14. c5 g5 15. Nb5 Ng6 16. Ba5 b6 17. cxd6 cxd6 18. Be1 g4 19. fxg4 Nxe4 20. Qc2 Nf6 21. Nc7 Bxg4 22. Bxg4 Nxg4 23. Nxa8 Qxa8 24. Qc8+ Rf8 25. Qxg4 Qxd5 26. Nb4 Qd4+ 27. Kh1 Qxb2 28. Bc3 Qa3 29. Qe6+ Kh8 30. Qb3 Qa5 31. Nd5 Qa6 32. Bb4 b5 33. Qc2 Qb7 34. Qc6 Qf7 35. Bxd6 Re8 36. Qxb5 e4 37. Nxf4 e3 38. Nxg6+ Qxg6 39. Bg3 h6 40. Qe2 Qe4 41. Rc4 Qd5 42. Rfc1 Kh7 43. h3 a5 44. Rc8 Rxc8 45. Rxc8 Qg5 46. Qd3+ 1-0

[Event "Titled Tuesday intern op 21st Dec"]
[Site "Chess.com INT"]
[Date "2021.12.21"]
[Round "2"]
[White "Eynullayev, Altay Elshan"]
[Black "Kalogeris, Ioannis"]
[Result "1-0"]
[WhiteElo "2223"]
[BlackElo "2368"]
[PlyCount "57"]
[EventDate "2021.12.21"]
[EventType "swiss (blitz)"]
[EventRounds "11"]
[EventCountry "USA"]
[SourceTitle "CBM 205 Extra"]
[Source "ChessBase"]
[SourceDate "2022.01.31"]
[SourceVersion "1"]
[SourceVersionDate "2022.01.31"]
[SourceQuality "1"]

1. e4 e5 2. Nf3 Nc6 3. Bb5 a6 4. Ba4 b5 5. Bb3 Nf6 6. O-O Bc5 7. c3 d6 8. a4 Rb8 9. d4 Bb6 10. a5 Ba7 11. Be3 Bg4 12. Nbd2 exd4 13. cxd4 Nxd4 14. Bxd4 Bxd4 15. Bxf7+ Kf8 16. Qb3 Bxb2 17. Qxb2 Kxf7 18. Ng5+ Kg6 19. f4 h6 20. f5+ Kxg5 21. Nf3+ Kh5 22. h3 Bxf3 23. Rxf3 Nxe4 24. Qe2 Kg5 25. Qxe4 h5 26. Rg3+ Kh6 27. Rg6+ Kh7 28. f6 Kg8 29. Qe6+ 1-0

[Event "Titled Tuesday intern op 21st Dec"]
[Site "Chess.com INT"]
[Date "2021.12.21"]
[Round "2"]
[White "Fabris, Alberto"]
[Black "Estrada Nieto, Julian"]
[Result "1/2-1/2"]
[WhiteElo "2230"]
[BlackElo "2253"]
[PlyCount "204"]
[EventDate "2021.12.21"]
[EventType "swiss (blitz)"]
[EventRounds "11"]
[EventCountry "USA"]
[SourceTitle "CBM 205 Extra"]
[Source "ChessBase"]
[SourceDate "2022.01.31"]
[SourceVersion "1"]
[SourceVersionDate "2022.01.31"]
[SourceQuality "1"]

1. e4 e5 2. Nf3 Nc6 3. Bb5 a6 4. Ba4 Nf6 5. O-O Be7 6. Re1 b5 7. Bb3 d6 8. c3 O-O 9. h3 Na5 10. Bc2 c5 11. d4 Qc7 12. Nbd2 cxd4 13. cxd4 Bd7 14. Nf1 Rac8 15. Bb1 Nc6 16. Ne3 Nxd4 17. Nxd4 exd4 18. Qxd4 Qc5 19. Qxc5 Rxc5 20. Bd2 Be6 21. Bd3 Nd7 22. a3 Ne5 23. Bf1 Nc4 24. Nxc4 Bxc4 25. Bb4 Rc7 26. Rac1 Rfc8 27. Bxc4 bxc4 28. Rc2 Rc6 29. g3 Bf6 30. Rd1 Rd8 31. Rdc1 g5 32. Rxc4 Rxc4 33. Rxc4 Bxb2 34. Rc6 Be5 35. Rxa6 Rc8 36. Bxd6 Bd4 37. Ra4 Rc1+ 38. Kg2 Rd1 39. Bb4 f6 40. Ra8+ Kf7 41. Rd8 Ke6 42. Bc5 Bxc5 43. Rxd1 Bxa3 44. Ra1 Bb2 45. Ra5 Bd4 46. Rb5 Kd6 47. f4 Kc6 48. Ra5 gxf4 49. gxf4 Bc3 50. Rf5 Kd6 51. Kf3 Ke6 52. Kg4 Bd4 53. Rd5 Bc3 54. Rc5 Bd4 55. Rc6+ Kf7 56. Ra6 Kg6 57. f5+ Kh6 58. Re6 Bc3 59. Kf4 Bd2+ 60. Kf3 Bc3 61. Ke2 Bd4 62. Kd3 Ba1 63. Kc4 Kg5 64. Kd5 h5 65. Re7 h4 66. Rh7 Be5 67. Ke6 Bg3 68. Rf7 Be5 69. Kd5 Kf4 70. Rh7 Kg3 71. Rg7+ Kxh3 72. Ke6 Kh2 73. Kf7 h3 74. Ke6 Kh1 75. Kd5 h2 76. Kc4 Bf4 77. Kd3 Be5 78. Ke2 Bf4 79. Kf3 Bg5 80. Kf2 Bh4+ 81. Kf1 Bg5 82. Re7 Bh4 83. e5 fxe5 84. Rxe5 Bg5 85. Re4 Bf6 86. Re6 Bg5 87. Rg6 Bh4 88. Rh6 Bg5 89. Rh5 Bf6 90. Kf2 Bd4+ 91. Kf3 Bf6 92. Kg3 Kg1 93. Rxh2 Be5+ 94. Kg4 Bxh2 95. f6 Bd6 96. f7 Bf8 97. Kf5 Kf1 98. Kf6 Ba3 99. Ke6 Bb4 100. Kd7 Ba3 101. Ke8 Bb4 102. f8=Q+ Bxf8 1/2-1/2